<?xml version="1.0" encoding="UTF-8"?>
<record
    xmlns:xsi="http://www.w3.org/2001/XMLSchema-instance"
    xsi:schemaLocation="http://www.loc.gov/MARC21/slim http://www.loc.gov/standards/marcxml/schema/MARC21slim.xsd"
    xmlns="http://www.loc.gov/MARC21/slim">

  <leader>00792nam a22001337a 4500</leader>
  <datafield tag="040" ind1=" " ind2=" ">
    <subfield code="c">RUA</subfield>
  </datafield>
  <datafield tag="082" ind1=" " ind2=" ">
    <subfield code="a">AGR  CHI  1998 B020 Or.1</subfield>
  </datafield>
  <datafield tag="100" ind1=" " ind2=" ">
    <subfield code="a">CHIN, SONEATH.</subfield>
  </datafield>
  <datafield tag="245" ind1=" " ind2=" ">
    <subfield code="a">&#x1780;&#x17B6;&#x179A;&#x1794;&#x17C6;&#x1795;&#x17D2;&#x179B;&#x17B6;&#x1789;&#x1793;&#x17B7;&#x1784;&#x179C;&#x17B7;&#x1792;&#x17B6;&#x1793;&#x1780;&#x17B6;&#x179A;&#x1780;&#x17C6;&#x1785;&#x17B6;&#x178F;&#x17CB;&#x1781;&#x17D2;&#x1798;&#x17BC;&#x178F;&#x17A1;&#x17B6;&#x179F;&#x17D2;&#x1799;&#x17BC;&#x178C;&#x17C2;&#x1798;&#x1798;&#x17C9;&#x17B6;&#x179F;&#x17CA;&#x17C1;&#x179A;&#x17B8;&#x1781;&#x1793; &#x179B;&#x17BE;&#x179F;&#x1793;&#x17D2;&#x179B;&#x17B9;&#x1780;&#x1790;&#x17D2;&#x1793;&#x17B6;&#x17C6;&#x179F;&#x17D2;&#x1784;&#x17BD;&#x178F; &#x179F;&#x17D2;&#x178F;&#x17BB;&#x1780;&#x1780;&#x17D2;&#x1793;&#x17BB;&#x1784;&#x1783;&#x17D2;&#x179B;&#x17B6;&#x17C6;&#x1784;&#x179A;&#x1794;&#x179F;&#x17CB;&#x1780;&#x17D2;&#x179A;&#x17BB;&#x1798;&#x17A0;&#x17CA;&#x17BB;&#x1793;&#x1790;&#x17D2;&#x1793;&#x17B6;&#x17C6;&#x1787;&#x1780;&#x17CB; &#x17A2;&#x1784;&#x17CB;&#x1782;&#x17D2;&#x179B;&#x17C1;&#x179F;-&#x17A2;&#x17B6;&#x1798;&#x17C1;&#x179A;&#x17B7;&#x1780; (the damage and control measures of lasioderma serricorne on dried leaves of tobacco storing in the warehouse of british american tovacco company)o</subfield>
  </datafield>
  <datafield tag="260" ind1=" " ind2=" ">
    <subfield code="a">Phnom Penh</subfield>
    <subfield code="b">RUA</subfield>
    <subfield code="c">1998</subfield>
  </datafield>
  <datafield tag="300" ind1=" " ind2=" ">
    <subfield code="a">57p.</subfield>
    <subfield code="b">ill.</subfield>
    <subfield code="c">29cm.</subfield>
  </datafield>
  <datafield tag="856" ind1=" " ind2=" ">
    <subfield code="u">SON CHIN</subfield>
  </datafield>
  <datafield tag="942" ind1=" " ind2=" ">
    <subfield code="c">AGR</subfield>
  </datafield>
  <datafield tag="999" ind1=" " ind2=" ">
    <subfield code="c">385</subfield>
    <subfield code="d">385</subfield>
  </datafield>
  <datafield tag="952" ind1=" " ind2=" ">
    <subfield code="0">0</subfield>
    <subfield code="1">0</subfield>
    <subfield code="2">ddc</subfield>
    <subfield code="4">0</subfield>
    <subfield code="6">AGR_CHI_1998_000000000000000_B020_OR_1</subfield>
    <subfield code="7">0</subfield>
    <subfield code="9">1786</subfield>
    <subfield code="a">LBB</subfield>
    <subfield code="b">LBB</subfield>
    <subfield code="d">2015-09-13</subfield>
    <subfield code="o">AGR  CHI  1998 B020 Or.1</subfield>
    <subfield code="p">RUA004090</subfield>
    <subfield code="r">2015-09-13</subfield>
    <subfield code="w">2015-09-13</subfield>
    <subfield code="y">AGR</subfield>
  </datafield>
  <datafield tag="952" ind1=" " ind2=" ">
    <subfield code="0">0</subfield>
    <subfield code="1">0</subfield>
    <subfield code="2">ddc</subfield>
    <subfield code="4">0</subfield>
    <subfield code="6">AGR_CHI_1998_000000000000000_B020_OR_12</subfield>
    <subfield code="7">0</subfield>
    <subfield code="9">1787</subfield>
    <subfield code="a">LBB</subfield>
    <subfield code="b">LBB</subfield>
    <subfield code="d">2015-09-13</subfield>
    <subfield code="o">AGR  CHI  1998 B020 Or.12</subfield>
    <subfield code="p">RUA004058</subfield>
    <subfield code="r">2015-09-13</subfield>
    <subfield code="w">2015-09-13</subfield>
    <subfield code="y">AGR</subfield>
  </datafield>
  <datafield tag="952" ind1=" " ind2=" ">
    <subfield code="0">0</subfield>
    <subfield code="1">0</subfield>
    <subfield code="2">ddc</subfield>
    <subfield code="4">0</subfield>
    <subfield code="6">AGR_CHI_1998_000000000000000_B020_OR_3</subfield>
    <subfield code="7">0</subfield>
    <subfield code="9">1788</subfield>
    <subfield code="a">LBB</subfield>
    <subfield code="b">LBB</subfield>
    <subfield code="d">2015-09-13</subfield>
    <subfield code="o">AGR  CHI  1998 B020 Or.3</subfield>
    <subfield code="p">RUA005111</subfield>
    <subfield code="r">2015-09-13</subfield>
    <subfield code="w">2015-09-13</subfield>
    <subfield code="y">AGR</subfield>
  </datafield>
  <datafield tag="952" ind1=" " ind2=" ">
    <subfield code="0">0</subfield>
    <subfield code="1">0</subfield>
    <subfield code="2">ddc</subfield>
    <subfield code="4">0</subfield>
    <subfield code="6">AGR_CHI_1998_000000000000000_B020_OR_4</subfield>
    <subfield code="7">0</subfield>
    <subfield code="9">1789</subfield>
    <subfield code="a">LBB</subfield>
    <subfield code="b">LBB</subfield>
    <subfield code="d">2015-09-13</subfield>
    <subfield code="o">AGR  CHI  1998 B020 Or.4</subfield>
    <subfield code="p">RUA004086</subfield>
    <subfield code="r">2015-09-13</subfield>
    <subfield code="w">2015-09-13</subfield>
    <subfield code="y">AGR</subfield>
  </datafield>
  <datafield tag="952" ind1=" " ind2=" ">
    <subfield code="0">0</subfield>
    <subfield code="1">0</subfield>
    <subfield code="2">ddc</subfield>
    <subfield code="4">0</subfield>
    <subfield code="6">AGR_CHI_1998_000000000000000_B020_OR_5</subfield>
    <subfield code="7">0</subfield>
    <subfield code="9">5801</subfield>
    <subfield code="a">LBB</subfield>
    <subfield code="b">LBB</subfield>
    <subfield code="c">B020</subfield>
    <subfield code="d">2015-09-27</subfield>
    <subfield code="o">AGR  CHI  1998 B020 Or.5</subfield>
    <subfield code="p">RUA008883</subfield>
    <subfield code="r">2015-09-27</subfield>
    <subfield code="w">2015-09-27</subfield>
    <subfield code="y">AGR</subfield>
  </datafield>
</record>
